Xây dựng hệ thống thi - kiểm tra đánh giá ngoại ngữ theo đường hướng giao tiếp /
Guardado en:
| Autor principal: | |
|---|---|
| Formato: | Artículo |
| Lenguaje: | Vietnamese |
| Materias: | |
| Etiquetas: |
Agregar Etiqueta
Sin Etiquetas, Sea el primero en etiquetar este registro!
|
| Thư viện lưu trữ: | Thư viện Trường Đại học Đà Lạt |
|---|
| LEADER | 00818nam a2200265 4500 | ||
|---|---|---|---|
| 001 | DLU120144980 | ||
| 005 | ##20121221 | ||
| 040 | # | # | |a DLU |b vie |
| 041 | # | # | |a vie |
| 044 | # | # | |a vn |
| 100 | # | # | |a Vũ Văn Phúc, |c ThS. |
| 245 | # | # | |a Xây dựng hệ thống thi - kiểm tra đánh giá ngoại ngữ theo đường hướng giao tiếp / |c Vũ Văn Phúc. |
| 653 | # | # | |a Chất lượng đào tạo |
| 653 | # | # | |a Kiến thức |
| 653 | # | # | |a Nhân tài |
| 773 | # | # | |t Tạp chí Khoa học Ngoại ngữ |g Số 2(20), 2004, tr. 36-42 |
| 920 | # | # | |a Phòng Tạp chí -- Trung tâm Thông tin - Thư viện Trường Đại học Đà Lạt |
| 994 | # | # | |a DLU |
| 900 | # | # | |a True |
| 911 | # | # | |a Nguyễn Thị Linh Chi |
| 925 | # | # | |a G |
| 926 | # | # | |a A |
| 927 | # | # | |a BB |
| 980 | # | # | |a Thư viện Trường Đại học Đà Lạt |